000
00216nam a22000857a 4500
008
170228b xxu||||| |||| 00| 0 eng d
100
_9
2961
_a
Tayal.B.B
245
_a
C World Pliticals-XII P-A
260
_a
New Delhi
_b
AP
_c
2011
999
_c
6205
_d
6205